| 000 | 00632nam a2200205 u 4500 | ||
|---|---|---|---|
| 005 | 20240806064215.0 | ||
| 008 | 091117s2002 es r 000 0 spa d | ||
| 020 | _a8476586221 | ||
| 035 | _aUPN01000173773 | ||
| 049 | _aCG | ||
| 050 | 4 |
_aBF109 L2 _bL2.3 |
|
| 245 | 0 | 0 |
_aLacan : _bla marca del leer / _ccoord. J. L. Slimobich. |
| 260 |
_aBarcelona, Esp. : _bAnthropos, _c2002. |
||
| 300 | _a198 p. | ||
| 440 | 0 |
_aAutores, textos y temas. _pPsicologĂa ; _v24 |
|
| 600 | 1 | 4 |
_aLACAN, JACQUES, _d1905-1981 - _xCRITICA E INTERPRETACION _913898 |
| 650 | 4 |
_aPsicoanálisis _91572 |
|
| 700 | 1 |
_aSlimobich, J. L., _ecoord. |
|
| 905 | _aLibro | ||
| 999 |
_c145877 _d145877 |
||